ARCHÍVY A PÍSOMNOSTI PRODUKOVANÉ VÝPOČTOVOU TECHNIKOU

Bibliographic Details
Main Authors: Spiritza, Juraj, 1935- (Author), Bell, Lionel (Author)
Format: Article
Language:Slovak

MARC

LEADER 00000nab a2200000uu 4500
001 vtls010877456
003 SK-MaSNL
005 20260303145140.0
008 230222|1977 xo |||||||||||||||||slo|
015 |a SNBRB 
035 |a (urnnbn)urn:nbn:sk:snk:ar-005rqo 
035 |a (uuid)316b1056-942a-4745-a86d-9766decf47df 
035 |a urn:nbn:sk:snk-ab7lvb 
040 |a SNKBUCL  |b slo  |c SNKBUCL  |e AACR2 
041 0 |a slo 
044 |a xo  |c SK 
100 1 |a Spiritza, Juraj,  |d 1935-  |4 aut  |9 103608 
245 1 0 |a ARCHÍVY A PÍSOMNOSTI PRODUKOVANÉ VÝPOČTOVOU TECHNIKOU  |c Juraj Spiritza, Lionel Bell 
700 1 |a Bell, Lionel  |4 aut  |9 1167528 
773 0 |t Slovenská archivistika  |g Roč. 12, č. 1 (1977), s. 217-218 
954 |a odborná, vedecká literatúra pôvodná (slovenská)  |2 lita 
958 |a OND 
958 |a EUIPO 
958 |a article8 
999 |c 2000890  |d 2002820